Complete Classnotes Advance Maths: (Record no. 192847)

MARC details
000 -LEADER
fixed length control field 00743nam a22001817a 4500
005 - DATE AND TIME OF LATEST TRANSACTION
control field 20221010115541.0
010 ## - LCCN (DPL NO)
LC control number RP B-745778
020 ## - INTERNATIONAL STANDARD BOOK NUMBER
Terms of availability 480.00
035 ## - SYSTEM CONTROL NUMBER
System control number B-745778
037 ## - SOURCE OF ACQUISITION
Source of stock number/acquisition Champion Publication
100 ## - MAIN ENTRY--PERSONAL NAME
Personal name Pratap, Gagan
245 ## - TITLE STATEMENT
Title Complete Classnotes Advance Maths:
Remainder of title Useful For CET, SSC, CGL, CPO, CHSL, CDS and other competitive exams/
Statement of responsibility, etc Gagan Pratap
260 ## - PUBLICATION, DISTRIBUTION, ETC. (IMPRINT)
Place of publication, distribution, etc Delhi
Name of publisher, distributor, etc Champion Publication
Date of publication, distribution, etc 2022
270 ## - ADDRESS
Address 2nd Floor, Jaina Ext. Dr. Mukherjee Nagar
City Delhi
Postal code 110009
300 ## - PHYSICAL DESCRIPTION
Extent 610p.
Dimensions 28cm(pbk)
942 ## - ADDED ENTRY ELEMENTS (KOHA)
Source of classification or shelving scheme Dewey Decimal Classification
Item type English Books
Classification part 510
Call number suffix MAT
Holdings
Withdrawn status Lost status Not for loan Collection code Home library Current library Date acquired Source of acquisition Cost, normal purchase price Full call number Barcode Copy number Cost, replacement price Koha item type Public note
      Non-fiction Central Library Central Library 10/10/2022 Divyam Prakashan/RP/BL18/5.9.22/95/1.9.22/23.9.22 480.00 510 MAT B-745778 1 480.00 English Books Issued to staff (P. No. 131)

© Delhi Public Library
Hit Counter
free hit counter